| 000 | 00539pab a2200193 454500 | ||
|---|---|---|---|
| 008 | 180718b1997 xxu||||| |||| 00| 0 eng d | ||
| 245 | _aBANKING and finance: focus | ||
| 260 | _c1997 | ||
| 300 | _ap.2657-752 | ||
| 362 | _a18 Oct | ||
| 650 | _aCapital market - India - Maharashtra | ||
| 650 | _aFinancial markets - India - Maharashtra | ||
| 650 | _aFinancial markets - India | ||
| 650 | _aFinancial institutions - India | ||
| 650 | _aBanks - India | ||
| 650 | _aBanks | ||
| 773 | _aEconomic and Political Weekly | ||
| 909 | _a36114 | ||
| 999 |
_c36114 _d36114 |
||